000 00309 a2200157 4500
001 168563
020 _a
040 _cMagnum
100 _aSaldanha, Paula
240 1 0 _aHerois dos gerais
_lING
245 1 0 _aHerois dos gerais
362 0 _a1899
440 1 _aFTD
697 _aJ/AVENTURA
942 _cBK
999 _c168563
_d168563